000 00659cam a22002055a 4500
001 ##J100680
008 000000s1905 xxk 000 0 eng u
035 _a(Sirsi) u100680
041 0 _aeng
050 0 4 _a333.0062 $2 18
110 2 _aSurveyors' Institution
_93783
245 0 0 _aRevised rules of examination
_b March 1905
260 _a[S.l.]
_b[s.n.]
_c1905
300 _a16p.
_c18cm.
350 _a1s. 6d.
520 _aPresents the rules and procedures for preliminary, professional, professional associates and fellowship examinations.
651 4 _aUnited Kingdom
_y
690 _aCAREERS, EDUCATION AND TRAINING-QUALIFICATION ROUTES
942 _n0
999 _c99753
_d99753